1898 1236 1589 1326 1918 1614 1018 1376 1457 1713 1555 1805 1058 1880 1405 1753 1508 1043 1588 1109 1863 1345 1163 1060 1821 1229 1745 1354 1991 1741 1408 1699 1484 1013 1113 1576 1846 1857 1644 1629 1690 1842 1892 1239 1430 1278 1474 1755 1721 1030 1891 1810 1528 1744 1584 1637 1231 1709 1675 1005 1929 1943 1262 1362 1464 1817 1999 1090 1293 1699 1207 1150 1815 1561 1808 1595 1851 1139 1234 1095 1893 1053 1539 1418 1978 1709 1453 1623 1718 1759 1751 1262 1891 1715 1903 1823 1723 1687 1019 BCNSPRNW ULIB Ver.6.0+V

เปลี่ยนเป็นภาษาไทย

Change to English
 แสดงรายละเอียดบรรณานุกรม
  กลับหน้าหลัก

Brief Record : Get Marc (ISO 2709) : E-mail record : QR code < ปิดหน้าต่าง
LEADER : 00000nam 2200000uu 4500
001    13399121427
003     ULIB
008    110608s2546 th 000 1 tha d
020    ^a9789749150962
090    ^aรส.^bศ536ท 2546
100 0  ^aศิลา โคมฉาย
245 10 ^aทางเสือ /^cศิลา โคมฉาย
250    ^aพิมพ์ครั้งที่ 7
260    ^aกรุงเทพฯ :^bมูลนิธิสถาบันวิชาการ 14 ตุลา,^c2546
300    ^a116 หน้า ;^c21 ซม.
490 0  ^aหนังสือชุด''ตุลาวรรณกรรม''
500    ^aฉลองครบรอบ 30 ปี 14 ตุลา : 2516-2546 ร่วมวาระประวัติศาสตร์''''วัน 14 ตุลา ประชาธิปไตย''''
650  4 ^aความเรียง
650  4 ^aชีวิต
650  4 ^aนวนิยายไทย
710 2  ^aมูลนิธิสถาบันวิชาการ 14 ตุลา
945    ^p0^l0^i14359
995    ^aกัณชพร
999    ^aกัณชพร
รายการนี้ยังไม่มีแท็ก
คุณยังไม่ได้ล็อกอิน คุณสามารถมีกิจกรรมร่วมกับเว็บไซต์ได้ แต่ต้องล็อกอินก่อน ::
  ล็อกอิน

รายการสื่อสารสนเทศ

ลำดับที่ ประเภท เลขเรียก/บาร์โค้ด สถานที่ สถานะ
1. วิทยาศาสตร์การแพทย์ และสุขภาพ
วิทยาศาสตร์การแพทย์ และสุขภาพ
รส. ศ536ท 2546  
  Barcode: 14359
ห้องสมุดวิทยาเขตสวรรค์ประชารักษ์
►นวนิยาย
บนชั้น
  ขอยืม

รายการใกล้เคียง
    หัวเรื่อง [ความเรียง]
    หัวเรื่อง [ชีวิต]
    หัวเรื่อง [นวนิยายไทย]

BibComment


ยังไม่เคยถูกคอมเมนท์

คอมเมนท์ทรัพยากรรายการนี้
  คอมเมนท์: ทางเสือ ศิลา โค..


 Copyright 2026. Bcnsprnw @Library